<?xml version="1.0" encoding="UTF-8"?>
<record
    xmlns:xsi="http://www.w3.org/2001/XMLSchema-instance"
    xsi:schemaLocation="http://www.loc.gov/MARC21/slim http://www.loc.gov/standards/marcxml/schema/MARC21slim.xsd"
    xmlns="http://www.loc.gov/MARC21/slim">

  <leader>02207cam a2200325 a 4500</leader>
  <controlfield tag="001">729734</controlfield>
  <controlfield tag="005">20210414114105.0</controlfield>
  <controlfield tag="008">980813s1999    caua          001 0 eng d</controlfield>
  <datafield tag="020" ind1=" " ind2=" ">
    <subfield code="a">0782122833</subfield>
  </datafield>
  <datafield tag="040" ind1=" " ind2=" ">
    <subfield code="a">CStcl</subfield>
    <subfield code="c">CStcl</subfield>
    <subfield code="d">DLC</subfield>
  </datafield>
  <datafield tag="050" ind1="0" ind2="0">
    <subfield code="a">QA76.73.B3 P4933</subfield>
    <subfield code="b"> </subfield>
  </datafield>
  <datafield tag="100" ind1="1" ind2=" ">
    <subfield code="a">Petroutsos, Evangelos.</subfield>
  </datafield>
  <datafield tag="245" ind1="1" ind2="0">
    <subfield code="a">Visual BASIC 6 developer's handbook. /</subfield>
    <subfield code="c">Evangelos Petroutsos and Kevin Hough.</subfield>
  </datafield>
  <datafield tag="246" ind1="3" ind2=" ">
    <subfield code="a">Visual BASIC six</subfield>
  </datafield>
  <datafield tag="246" ind1="3" ind2="0">
    <subfield code="a">Visual BASIC 6</subfield>
  </datafield>
  <datafield tag="260" ind1=" " ind2=" ">
    <subfield code="a">San Francisco :</subfield>
    <subfield code="b">Sybex,</subfield>
    <subfield code="c">c1999.</subfield>
  </datafield>
  <datafield tag="300" ind1=" " ind2=" ">
    <subfield code="a">xxxiv, 1468 p.:</subfield>
    <subfield code="b">ill.;</subfield>
    <subfield code="c">23 cm. </subfield>
  </datafield>
  <datafield tag="500" ind1=" " ind2=" ">
    <subfield code="a">Includes index.</subfield>
  </datafield>
  <datafield tag="505" ind1=" " ind2=" ">
    <subfield code="a">Contents: Database programming: What's new with visual basic 6 and databases -- Client/server programming -- Using SQL server -- The ADO object -- Advanced SQL examples -- Writing front ends -- Using the microsoft english query engine -- Three-tiered applications -- Object programming: Object programming with visual basic -- Building activeX components -- Building activeX controls -- Building data-bound activeX controls -- Extending the IDE with add-ins -- Extending visual basic: Visual basic and the windows API -- Visual basic and the registry -- The Built-in visual basic developer's activeX controls -- Optimizing VB applications -- Programming for the web: Web development basics -- Active server pages -- Developing internet applications -- Programming office 97: An introduction to VBA -- Using the visual basic editor with word and excel -- Excel 97 objects -- Word 97 objects -- Outlook 98 objects.</subfield>
  </datafield>
  <datafield tag="538" ind1=" " ind2=" ">
    <subfield code="a">System requirements for computer disc: IBM-compatible PC.</subfield>
  </datafield>
  <datafield tag="630" ind1="0" ind2="0">
    <subfield code="a">Microsoft Visual BASIC.</subfield>
  </datafield>
  <datafield tag="650" ind1=" " ind2="0">
    <subfield code="a">BASIC (Computer program language)</subfield>
  </datafield>
  <datafield tag="700" ind1="1" ind2=" ">
    <subfield code="a">Hough, Kevin.</subfield>
  </datafield>
  <datafield tag="856" ind1="4" ind2="2">
    <subfield code="3">Contributor biographical information</subfield>
    <subfield code="u">http://www.loc.gov/catdir/enhancements/fy0607/98087588-b.html</subfield>
  </datafield>
  <datafield tag="856" ind1="4" ind2="2">
    <subfield code="3">Publisher description</subfield>
    <subfield code="u">http://www.loc.gov/catdir/enhancements/fy0607/98087588-d.html</subfield>
  </datafield>
  <datafield tag="856" ind1="4" ind2="1">
    <subfield code="3">Table of contents only</subfield>
    <subfield code="u">http://www.loc.gov/catdir/enhancements/fy0607/98087588-t.html</subfield>
  </datafield>
  <datafield tag="942" ind1=" " ind2=" ">
    <subfield code="2">lcc</subfield>
    <subfield code="c">BK</subfield>
  </datafield>
  <datafield tag="999" ind1=" " ind2=" ">
    <subfield code="c">1878</subfield>
    <subfield code="d">9378</subfield>
  </datafield>
  <datafield tag="952" ind1=" " ind2=" ">
    <subfield code="0">0</subfield>
    <subfield code="1">0</subfield>
    <subfield code="2">lcc</subfield>
    <subfield code="4">0</subfield>
    <subfield code="7">0</subfield>
    <subfield code="a">WIUC-1</subfield>
    <subfield code="b">WIUC-1</subfield>
    <subfield code="c">GEN</subfield>
    <subfield code="d">2012-07-30</subfield>
    <subfield code="l">0</subfield>
    <subfield code="o">QA76.73.B3 P4933</subfield>
    <subfield code="p">4971/12</subfield>
    <subfield code="r">2012-07-30 00:00:00</subfield>
    <subfield code="t">1</subfield>
    <subfield code="w">2012-07-30</subfield>
    <subfield code="y">BK</subfield>
  </datafield>
  <datafield tag="952" ind1=" " ind2=" ">
    <subfield code="0">0</subfield>
    <subfield code="1">0</subfield>
    <subfield code="2">lcc</subfield>
    <subfield code="4">0</subfield>
    <subfield code="7">0</subfield>
    <subfield code="a">WIUC-1</subfield>
    <subfield code="b">WIUC-1</subfield>
    <subfield code="c">GEN</subfield>
    <subfield code="d">2012-07-30</subfield>
    <subfield code="l">0</subfield>
    <subfield code="o">QA76.73.B3 P49331</subfield>
    <subfield code="p">4972/12</subfield>
    <subfield code="r">2012-07-30 00:00:00</subfield>
    <subfield code="t">2</subfield>
    <subfield code="w">2012-07-30</subfield>
    <subfield code="y">BK</subfield>
  </datafield>
</record>
